ბათუმის შოთა რუსთაველის სახელმწიფო უნივერსიტეტის ბიბლიოთეკა

Метод последовательных приближений (ბიბ.ჩანაწერი № 38753)

000 -LEADER
fixed length control field 00536nam a2200193Ia 4500
001 - CONTROL NUMBER
control field 5083
003 - CONTROL NUMBER IDENTIFIER
control field GE_BSU
008 - FIXED-LENGTH DATA ELEMENTS--GENERAL INFORMATION
fixed length control field 181216s||||||||xx |||||||||||||| ||und||
040 ## - CATALOGING SOURCE
Transcribing agency GE_BSU
080 ## - UNIVERSAL DECIMAL CLASSIFICATION NUMBER
Universal Decimal Classification number 51
100 ## - MAIN ENTRY--PERSONAL NAME
Personal name Виленкин, Н.Я
245 ## - TITLE STATEMENT
Title Метод последовательных приближений
245 ## - TITLE STATEMENT
Statement of responsibility, etc. Ред.М.М.Горячая
260 ## - PUBLICATION, DISTRIBUTION, ETC.
Place of publication, distribution, etc. Москва
260 ## - PUBLICATION, DISTRIBUTION, ETC.
Date of publication, distribution, etc. 1961.
300 ## - PHYSICAL DESCRIPTION
Extent 63 с20 см.
653 ## - INDEX TERM--UNCONTROLLED
Uncontrolled term Метод последовательных приближений
942 ## - ADDED ENTRY ELEMENTS (KOHA)
Koha item type წიგნი
ეგზემპლარები
Withdrawn status Lost status Damaged status Not for loan Date acquired Barcode Date last seen Price effective from Koha item type
        2018-12-17 16174 2018-12-17 2018-12-17 წიგნი